000
00230nam a22000857a 4500
008
170607b xxu||||| |||| 00| 0 eng d
100
_9
3302
_a
Chandavarkr. S
245
_a
The littlest Wave
260
_a
New Delhi
_b
National Book Trust
_c
2003
999
_c
6619
_d
6619